Statistiques concernant Géographie par lettre - K

Cliquez ici pour prendre le quiz!

Statistiques générales

  • Ce quiz a été pris 4,873 fois
  • Le résultat moyen est 11 sur 20

Statistiques - réponses

allusion réponse % Correct
Capitale de l'UkraineKiev
96%
Plus haute montagne d'AfriqueKilimandjaro
95%
Un des animaux nationaux d'Australiekangourou
89%
Capitale de l'AfghanistanKaboul
82%
Oiseau néo-zélandais ou citoyenKiwi
81%
État américain très platKansas
80%
Pays dans le golfe PersiqueKoweït
77%
Capitale du NépalKathmandou
75%
Groupe ethnique en Turquie et en IrakKurde
73%
Langue du CambodgeKhmer
58%
2ème plus haute montagne du mondeK2
53%
La rive opposée de BrazzavilleKinshasa
46%
Site des tours PetronasKuala Lumpur
38%
Désert de l'Afrique australeKalahari
28%
Ville à l'extrémité ouest des Florida KeysKey West
27%
Volcan indonésien en éruption
massive en 1883
Krakatoa
27%
Nom moderne pour CalcuttaKolkata
25%
Troisième île du Japon, après
Honshu et Hokkaido
Kyushu
24%
Plat national de Coréekimchi
16%
Col de montagne qui relie le
Pakistan et l'Afghanistan
Khyber
6%

Distribution des résultats

Percentile by Number Answered

% des personnes avec chaque résultat

Votre développement - résultats

Vous n’avez pas pris ce quiz